| 000 | 00726 a2200157 4500 | ||
|---|---|---|---|
| 003 | NUST | ||
| 005 | 20230118121757.0 | ||
| 040 | _cNust | ||
| 082 | _a384.95491,REZ | ||
| 100 |
_aReza, Yousaf _9106958 |
||
| 245 |
_aHistory of Pakistan : _bTelecommunications / _cYusuf Reza |
||
| 260 |
_aIslamabad _bPakistan telecommunication authiorty _c1999 |
||
| 300 | _a746. p; | ||
| 505 | _aTelecommunication Past and Present (Page-13), Indian Telegraph Department (Page-89), Acknowledgment (Page-89), Pakistan Post and Telegraphs Department (Page-131), Pakistan Post and Telegraphs Department (Page-243), Restructuring of Telecommunication (Page-561), 50 Years of Pakistan Telecommunications (Page-717). | ||
| 942 |
_2ddc _cBK _k384.95491,REZ |
||
| 999 |
_c185308 _d185308 |
||